000
00234nam a22000977a 4500
020
_a
9780553508840
100
_a
Ursula Ziegler Sullivan ;
245
_a
Itty-Bitty Kitty Rescue
260
_a
New York
_b
Scholastic
_c
2014
942
_c
BK
999
_c
265131
_d
265130